| 000 | 00542nam a2200205Ia 4500 | ||
|---|---|---|---|
| 003 | OSt | ||
| 005 | 20230606110912.0 | ||
| 008 | 210423s2003 xx 000 0 und d | ||
| 040 | _cAL | ||
| 041 | _aeng | ||
| 082 |
_a307.76 RAYL _223 |
||
| 100 |
_aRAY (C N) _9119683 |
||
| 245 | _aLiberalisation and urban social services | ||
| 260 |
_bRawat Publications _c2003 |
||
| 365 |
_b695 _cINR |
||
| 650 |
_aSociology _9119684 |
||
| 650 |
_aUrban Communities _9119685 |
||
| 906 | _aLiberalisation ; services ; social ; urban | ||
| 942 |
_2ddc _cBK |
||
| 999 |
_c173784 _d173784 |
||